Propuesta de un modelo de transferencia de información espacial y no espacial entre la Unidad de Diseño y Supervisión de Obras y la Oficina de Sistemas de Información Geográfico de la Universidad de Costa Rica
Gardado en:
| Autor Principal: | |
|---|---|
| Outros autores: | |
| Formato: | Libro |
| Publicado: |
[San José, Costa Rica]
2011
|
| Materias: | |
| Etiquetas: |
Engadir etiqueta
Sen Etiquetas, Sexa o primeiro en etiquetar este rexistro!
|
MARC
| LEADER | 00000nam a2200000Ia 4500 | ||
|---|---|---|---|
| 003 | 010258 | ||
| 005 | 20221231144030.0 | ||
| 008 | 140114s2011 cr a 000 ||s d | ||
| 040 | |c cru CEDI | ||
| 090 | |a TFG 6310 | ||
| 100 | |a Villalobos Salazar, Rafael |9 2696 | ||
| 245 | |a Propuesta de un modelo de transferencia de información espacial y no espacial entre la Unidad de Diseño y Supervisión de Obras y la Oficina de Sistemas de Información Geográfico de la Universidad de Costa Rica | ||
| 260 | |c 2011 |b [San José, Costa Rica] | ||
| 500 | |a Proyecto de graduación (licenciatura en ingeniería topográfica)--Universidad de Costa Rica. Facultad de Ingeniería. Escuela de Ingeniería Topográfica | ||
| 650 | |x SISTEMAS DE INFORMACION GEOGRAFICA |x UNIVERSIDAD DE COSTA RICA. UNIDAD DE DISEÑO Y SUPERVISIÓN DE OBRAS |x REDES DE INFORMACION |x TRANSFERENCIA DE INFORMACION |x INTERCAMBIO DE INFORMACION |9 2698 | ||
| 700 | |9 2697 |a Murillo Zúñiga, Hermis | ||
| 942 | |c TFG | ||
| 999 | |c 15893 |d 15893 | ||
